LIBRARY & INFORMATION CENTRE, KCAET, TAVANUR

ONLINE PUBLIC ACCESS CATALOGUE (OPAC)

Priya pravas / (Record no. 11665)

MARC details
000 -LEADER
fixed length control field 00384cam a2200157ua 4500
041 ## - LANGUAGE CODE
Language code of text/sound track or separate title hin
082 ## - DEWEY DECIMAL CLASSIFICATION NUMBER
Classification number 891.54
Item number PAN/PR
100 ## - MAIN ENTRY--AUTHOR NAME
Personal name Pandit Ayadhyasingh, upadyay .
245 ## - TITLE STATEMENT
Title Priya pravas /
260 ## - PUBLICATION, DISTRIBUTION, ETC. (IMPRINT)
Place of publication :
Name of publisher Hindi sahithiya ,
Year of publication 1962.
300 ## - PHYSICAL DESCRIPTION
Number of Pages 269 ; .

No items available.

free website counter